000
00327cam a2200133ua 4500
020
_a
81204099949
082
_a
631.521
_b
AGR/SE
100
_a
Agrawal, R L .
245
_a
Seed technology /
250
_a
1 / 2
260
_a
New Delhi :
_b
Oxford & IBH Publishing company ,
_c
1980.
_c
2010
300
_a
685 ; . 829
942
_c
BK
999
_c
7305
_d
7305